Die Lieder des Dichters Robert de Rains, genannt La Chievre ... (Record no. 23398)

MARC details
000 -LEADER
fixed length control field 00697cam a22002291 4500
001 - CONTROL NUMBER
control field g 01000108
003 - CONTROL NUMBER IDENTIFIER
control field DLC
005 - DATE AND TIME OF LATEST TRANSACTION
control field 20260227111250.0
008 - FIXED-LENGTH DATA ELEMENTS--GENERAL INFORMATION
fixed length control field 790614s1898 gw 000 0 fro
010 ## - LIBRARY OF CONGRESS CONTROL NUMBER
LC control number g 01000108
035 ## - SYSTEM CONTROL NUMBER
System control number (OCoLC)5068639
040 ## - CATALOGING SOURCE
Original cataloging agency DLC
Transcribing agency LU
Modifying agency DLC
042 ## - AUTHENTICATION CODE
Authentication code premarc
050 00 - LIBRARY OF CONGRESS CALL NUMBER
Classification number PQ1516
Item number .R6 1898
100 0# - MAIN ENTRY--PERSONAL NAME
Personal name Robert la Chievre,
Dates associated with a name 13th century.
245 14 - TITLE STATEMENT
Title Die Lieder des Dichters Robert de Rains, genannt La Chievre ...
Statement of responsibility, etc. von Wilhelm Mann ...
260 ## - PUBLICATION, DISTRIBUTION, ETC.
Place of publication, distribution, etc. Halle a. S.,
Name of publisher, distributor, etc. Druck von E. Karras,
Date of publication, distribution, etc. 1898.
300 ## - PHYSICAL DESCRIPTION
Extent 4 p. l., 38 (2) p.
Dimensions 23 cm.
502 ## - DISSERTATION NOTE
Dissertation note Inaug.--Diss.--Halle-Wittenberg.
500 ## - GENERAL NOTE
General note Vita.
700 1# - ADDED ENTRY--PERSONAL NAME
Personal name Mann, Wilhelm,
Dates associated with a name 1874- ,
Relator term ed.

No items available.

Powered by Koha